000
00282nam a22001217a 4500
040
_c
SY
082
_a
631
100
_a
NA
245
_a
Tractor opreration, ការប្រើប្រាស់ត្រាក់ទ័រ
260
_a
RUA
_b
NA
_c
NA
300
_a
11p.
942
_c
KB
999
_c
9616
_d
9616